Texbook of algae / (Record no. 127636)

MARC details
000 -LEADER
fixed length control field 00648nam a22002297a 4500
005 - DATE AND TIME OF LATEST TRANSACTION
control field 20170124110028.0
010 ## - LIBRARY OF CONGRESS CONTROL NUMBER
LC control number B-122132
020 ## - INTERNATIONAL STANDARD BOOK NUMBER
Terms of availability 00.00
International Standard Book Number 8188237442
035 ## - SYSTEM CONTROL NUMBER
System control number B-122132
037 ## - SOURCE OF ACQUISITION
Source of stock number/acquisition Cen Lib/Ret
040 ## - CATALOGING SOURCE
Original cataloging agency DPL
Language of cataloging EN
082 ## - DEWEY DECIMAL CLASSIFICATION NUMBER
Classification number 589.3
Item number SAM
100 ## - MAIN ENTRY--PERSONAL NAME
Personal name Sambamurty, A.V.S.S.
9 (RLIN) 21076
245 ## - TITLE STATEMENT
Title Texbook of algae /
Statement of responsibility, etc by A.V.S.S. Sambamurty
260 ## - PUBLICATION, DISTRIBUTION, ETC. (IMPRINT)
Place of publication, distribution, etc New Delhi
Name of publisher, distributor, etc I.K. internation
Date of publication, distribution, etc 2005
270 ## - ADDRESS
City New Delhi
Address S-25, Green park extention
Postal code 110016
300 ## - PHYSICAL DESCRIPTION
Extent xii,322p.
Dimensions 23cm(pbk)
500 ## - GENERAL NOTE
General note Includes index
650 ## - SUBJECT ADDED ENTRY--TOPICAL TERM
Topical term or geographic name as entry element Algae
9 (RLIN) 21077
650 ## - SUBJECT ADDED ENTRY--TOPICAL TERM
Topical term or geographic name as entry element Ecology
9 (RLIN) 155
942 ## - ADDED ENTRY ELEMENTS (KOHA)
Source of classification or shelving scheme Dewey Decimal Classification
Koha item type English Books
Classification part 589.3
Call number suffix SAM
Holdings
Withdrawn status Lost status Damaged status Not for loan Home library Current library Date acquired Source of acquisition Cost, normal purchase price Total Checkouts Total Renewals Full call number Barcode Date last seen Date checked out Copy number Cost, replacement price Price effective from Koha item type
        Central Library Central Library 30/06/2015 Cen Lib/Ret 0.00 4 4 589.3 SAM B-122132 14/02/2020 31/12/2019 1 0.00 30/06/2015 English Books

© Delhi Public Library
Hit Counter
free hit counter